000
00285nam a2200121Ia 4500
008
191201s2013 xx 000 0 und d
100
_a
KUMAR, Rakesh
245
0
_a
Textbook of Nano-science
260
_a
N. Delhi
_b
S.K.Kataria
_c
2013
300
_a
200
650
_a
Applied
942
_2
ddc
_c
BK
999
_c
80
_d
80